[Event "Titled Tue 10th Jun Early"]
[Site "chess.com INT"]
[Date "2025.06.10"]
[Round "2"]
[White "Villarreal, Agustin"]
[Black "Oro, Faustino"]
[Result "0-1"]
[WhiteTitle "FM"]
[BlackTitle "IM"]
[WhiteElo "2298"]
[BlackElo "2465"]
[WhiteFideId "125687"]
[BlackFideId "20000197"]
[EventDate "2025.06.10"]

1. d4 Nf6 2. c4 e6 3. Nf3 d5 4. cxd5 exd5 5. Nc3 c6 6. Bg5 Be7 7. e3 O-O 8. Bd3
h6 9. Bh4 Re8 10. Qc2 Nbd7 11. O-O Ne4 12. Bxe4 Bxh4 13. Bh7+ Kh8 14. Nxh4 Qxh4
15. Bd3 Nf6 16. b4 Bd7 17. a4 Rac8 18. Ne2 Ne4 19. Rac1 Qf6 20. Bxe4 Rxe4 21.
Ng3 Ree8 22. Qd3 a6 23. Rc5 g6 24. Rfc1 h5 25. h3 Kg7 26. Qb3 h4 27. Ne2 g5 28.
b5 axb5 29. axb5 Re7 30. bxc6 bxc6 31. Ra5 Rce8 32. Ra7 Kh8 33. Qc3 Rg8 34. Rb1
g4 35. hxg4 Rxg4 36. Rb8+ Kg7 37. Rbb7 Qf3 38. Ng3 Qd1+ 39. Nf1 h3 40. g3 Qf3 0-1

[Event "Titled Tue 10th Jun Early"]
[Site "chess.com INT"]
[Date "2025.06.10"]
[Round "2"]
[White "Huseynova, Lala"]
[Black "Vlassov, Nikolai"]
[Result "0-1"]
[WhiteTitle "WFM"]
[BlackTitle "IM"]
[WhiteElo "2045"]
[BlackElo "2291"]
[WhiteFideId "13431781"]
[BlackFideId "4103360"]
[EventDate "2025.06.10"]

1. e4 Nc6 2. Nf3 d5 3. exd5 Qxd5 4. Nc3 Qa5 5. Be2 Bg4 6. O-O O-O-O 7. d3 Bxf3
8. Bxf3 Nd4 9. Bd2 Nf6 10. Ne4 Qf5 11. Nxf6 Nxf3+ 12. Qxf3 Qxf3 13. gxf3 gxf6
14. Kh1 e6 15. Be3 Rd5 16. f4 Bd6 17. Kg2 Rf5 18. Kf3 Kd7 19. Rg1 Rh5 20. Rg2
Rh3+ 21. Ke2 Rd8 22. Rag1 Bf8 23. a4 b6 24. c3 Ke7 25. b4 Rd5 26. c4 Rf5 27. c5
Bh6 28. cxb6 cxb6 29. Rg8 Bxf4 30. Bd4 Rd5 31. Be3 Bxe3 32. fxe3 Rxh2+ 33. R1g2
Rxg2+ 34. Rxg2 h5 35. d4 h4 36. Rh2 Rh5 37. Kf3 f5 38. Kf4 Kd6 39. Rh3 Kd5 0-1

[Event "Titled Tue 10th Jun Early"]
[Site "chess.com INT"]
[Date "2025.06.10"]
[Round "2"]
[White "Navoyan, Gagik"]
[Black "Hernandez Jimenez, Alexander Andres"]
[Result "1-0"]
[WhiteTitle "CM"]
[BlackTitle "FM"]
[WhiteElo "2186"]
[BlackElo "2069"]
[WhiteFideId "13314866"]
[BlackFideId "3900452"]
[EventDate "2025.06.10"]

1. e4 e5 2. Nf3 Nc6 3. d4 exd4 4. Nxd4 Bc5 5. Nb3 Bb6 6. Nc3 d6 7. Qe2 Nf6 8.
Bg5 h6 9. Bh4 g5 10. Bg3 Be6 11. O-O-O Qe7 12. Nd5 Bxd5 13. exd5 Qxe2 14. Bxe2
Nb4 15. c3 Nbxd5 16. Bf3 c6 17. Bxd6 Bxf2 18. Be5 Be3+ 19. Kc2 Bf4 20. Bd4 O-O
21. g3 Ne3+ 22. Bxe3 Bxe3 23. Rhe1 Rfe8 24. Re2 Bb6 25. Red2 Rad8 26. a4 Rxd2+
27. Rxd2 Rd8 28. Rxd8+ Bxd8 29. Nc5 b6 30. Nb7 Bc7 31. Bxc6 Kf8 32. Bf3 Ke7 33.
b4 g4 34. Bg2 h5 35. a5 h4 36. gxh4 Bxh2 37. c4 Bc7 38. a6 Nh5 39. Kd2 Nf4 40.
Be4 g3 41. Ke3 Nh3 42. Kf3 Ng1+ 43. Kg2 Ne2 44. c5 Nc3 45. Bf3 Na2 46. b5 Nc3
47. Bc6 Nd1 48. h5 Ne3+ 49. Kg1 g2 50. Bxg2 Nxg2 51. Kxg2 Kf6 52. cxb6 Bxb6 53.
Nd6 1-0

[Event "Titled Tue 10th Jun Early"]
[Site "chess.com INT"]
[Date "2025.06.10"]
[Round "2"]
[White "Platzgummer, Fabian"]
[Black "Hayrapetyan, Artavazd R."]
[Result "0-1"]
[WhiteTitle "IM"]
[BlackTitle "FM"]
[WhiteElo "2293"]
[BlackElo "2350"]
[WhiteFideId "1617222"]
[BlackFideId "13304240"]
[EventDate "2025.06.10"]

1. Nf3 d5 2. g3 Nf6 3. Bg2 Bf5 4. O-O c6 5. c4 e6 6. d3 Nbd7 7. cxd5 cxd5 8. Qb3
Qb6 9. Qxb6 axb6 10. Nc3 Bb4 11. Nb5 O-O 12. a3 h6 13. Bf4 Be7 14. Rfc1 Rfc8 15.
b4 Ne8 16. Ne5 Nxe5 17. Bxe5 f6 18. Bd4 Rxc1+ 19. Rxc1 Nd6 20. Nxd6 Bxd6 21. Bb2
Bg6 22. e4 dxe4 23. Bxe4 Bxe4 24. dxe4 Kf7 25. f4 Rd8 26. Kf1 g5 27. fxg5 hxg5
28. Rd1 Ke7 29. Ke2 g4 30. Bd4 b5 31. Bb6 Rh8 32. Bg1 Rc8 33. Kd2 Ra8 34. Ra1
Bxb4+ 35. Kd3 Rxa3+ 36. Rxa3 Bxa3 37. Bd4 Bd6 38. Kc2 Be5 39. Bc5+ Kd7 40. Kb3
Kc6 41. Be3 f5 42. exf5 exf5 43. Kb4 Bd6+ 44. Kb3 Kd5 45. Kc2 Ke4 46. Bf4 Bxf4
47. gxf4 Kxf4 48. h4 gxh3 49. Kd3 h2 50. Kd4 h1=Q 51. Kc5 Qe4 52. Kb6 b4 53. Ka7
b3 54. Kb8 b2 55. Kc7 b5 56. Kb6 b4 57. Ka5 b1=Q 58. Ka4 Qa8+ 59. Kb5 Qd3+ 60.
Kc5 Qa5+ 61. Kc6 Qdd5# 0-1

[Event "Titled Tue 10th Jun Early"]
[Site "chess.com INT"]
[Date "2025.06.10"]
[Round "2"]
[White "Vasilenok, Anton"]
[Black "Bozorov, Javohir"]
[Result "0-1"]
[WhiteTitle "CM"]
[BlackTitle "FM"]
[WhiteElo "2137"]
[BlackElo "2039"]
[WhiteFideId "34133124"]
[BlackFideId "14216957"]
[EventDate "2025.06.10"]

1. e4 c5 2. Nf3 d6 3. g3 g6 4. Bg2 Bg7 5. O-O Nc6 6. c3 c4 7. b3 Be6 8. bxc4
Bxc4 9. d3 Ba6 10. Re1 Qa5 11. d4 e6 12. Bf4 Rd8 13. Qc2 Nge7 14. Nbd2 O-O 15.
Nb3 Qa4 16. e5 d5 17. h4 h5 18. Bg5 Bc4 19. Qd2 Nf5 20. Bh3 Rc8 21. Bf6 b6 22.
Bxf5 exf5 23. Qg5 Nd8 24. Bxg7 Kxg7 25. Qf6+ Kg8 26. e6 Nxe6 27. Rxe6 Bxb3 28.
Qg5 Rc7 29. Ree1 Bc2 30. Ne5 f6 31. Qxg6+ Rg7 32. Qxh5 fxe5 33. Rxe5 Qc6 34.
Rae1 Qg6 35. Qxg6 Rxg6 36. Rxd5 f4 37. Kg2 fxg3 38. fxg3 Rgf6 39. Re2 Bd1 40.
Rd2 Bf3+ 0-1

[Event "Titled Tue 10th Jun Early"]
[Site "chess.com INT"]
[Date "2025.06.10"]
[Round "2"]
[White "Khazan, Yevgeny"]
[Black "Titus, Andrew"]
[Result "0-1"]
[WhiteTitle "CM"]
[WhiteElo "2135"]
[BlackElo "2246"]
[WhiteFideId "2806193"]
[BlackFideId "2059770"]
[EventDate "2025.06.10"]

1. d4 d5 2. c4 e6 3. Nf3 Nf6 4. g3 Be7 5. Bg2 O-O 6. O-O dxc4 7. Qc2 b5 8. Ne5
Qxd4 9. Bxa8 Qxe5 10. Bf4 Qc5 11. Bg2 Nc6 12. e3 Nb4 13. Qe2 h6 14. e4 e5 15.
Be3 Qd6 16. Rd1 Nd3 17. Nc3 a6 18. b3 Be6 19. Rd2 Rd8 20. Rad1 Qb4 21. Nd5 Nxd5
22. exd5 Bxd5 23. bxc4 bxc4 24. Bxd5 Rxd5 25. Qg4 Kh7 26. Qf5+ Kg8 27. Qg4 Bf8
28. Bxh6 Rd4 29. Qg5 Nf4 30. Rxd4 Nh3+ 31. Kg2 Nxg5 32. Rg4 Qb7+ 33. Kg1 Nh3+
34. Kf1 Qh1+ 35. Ke2 Qxh2 36. Bxg7 Qxf2# 0-1

[Event "Titled Tue 10th Jun Early"]
[Site "chess.com INT"]
[Date "2025.06.10"]
[Round "2"]
[White "Tekeyev, Zaur"]
[Black "Yonal, Timur"]
[Result "1-0"]
[WhiteTitle "IM"]
[BlackTitle "FM"]
[WhiteElo "2407"]
[BlackElo "2170"]
[WhiteFideId "4199731"]
[BlackFideId "44115725"]
[EventDate "2025.06.10"]

1. e4 c5 2. Nf3 d6 3. Bb5+ Bd7 4. a4 Nf6 5. Qe2 a6 6. Bxd7+ Qxd7 7. Nc3 Nc6 8.
O-O b6 9. Nd5 Qb7 10. c3 e6 11. Nxf6+ gxf6 12. d4 Be7 13. Be3 h5 14. Rab1 b5 15.
axb5 axb5 16. Ra1 c4 17. h3 Kd7 18. Rad1 Ra2 19. Bc1 Qa8 20. Kh1 Qa7 21. Nh2 Qa6
22. f4 Na5 23. Nf3 Nb3 24. Be3 Qa3 25. Rf2 Qa8 26. Bc1 Ra1 27. Rff1 Qa4 28. d5
Ra8 29. dxe6+ fxe6 30. f5 e5 31. Nh4 Qa2 32. Be3 Rxd1 33. Rxd1 Kc6 34. Ng6 Bd8
35. Kh2 Bc7 36. Bf2 Qa6 37. Qxh5 Qc8 38. Qe2 Qg8 39. Qe3 Bb6 40. Qxb6+ 1-0

[Event "Titled Tue 10th Jun Early"]
[Site "chess.com INT"]
[Date "2025.06.10"]
[Round "2"]
[White "Cordeiro, Marco Aurelio Zaror"]
[Black "Arabidze, Meri"]
[Result "0-1"]
[BlackTitle "IM"]
[WhiteElo "2056"]
[BlackElo "2440"]
[WhiteFideId "2117991"]
[BlackFideId "13604040"]
[EventDate "2025.06.10"]

1. e4 c5 2. Nc3 Nc6 3. f4 e6 4. Nf3 d5 5. g3 f5 6. e5 d4 7. Nb1 Nh6 8. Bg2 Be7
9. a4 Qc7 10. Na3 a6 11. Nc4 b6 12. O-O Bb7 13. h3 O-O 14. d3 b5 15. axb5 axb5
16. Rxa8 Rxa8 17. Ncd2 Nb4 18. Ne1 Nd5 19. Ndf3 Ra1 20. Qd2 Qb6 21. Kh2 Ne3 22.
Rg1 Nxg2 23. Rxg2 Qc6 24. Rf2 Nf7 25. c3 g5 26. Nc2 Ra8 27. Rf1 g4 28. hxg4 fxg4
29. Ng5 Bxg5 30. fxg5 Nxe5 31. Ne1 Qe8 32. g6 Qxg6 33. Qg5 dxc3 34. bxc3 Ra2+
35. Kg1 Qxg5 36. Bxg5 b4 37. d4 Nf3+ 38. Nxf3 gxf3 39. dxc5 Rg2+ 40. Kh1 f2 0-1

[Event "Titled Tue 10th Jun Early"]
[Site "chess.com INT"]
[Date "2025.06.10"]
[Round "2"]
[White "Shevchenko, Yaroslav"]
[Black "Mkrtchyan, Mariam"]
[Result "1-0"]
[BlackTitle "WIM"]
[WhiteElo "2179"]
[BlackElo "2307"]
[WhiteFideId "34144684"]
[BlackFideId "13310828"]
[EventDate "2025.06.10"]

1. e4 c6 2. d4 d5 3. Nc3 dxe4 4. Nxe4 Nf6 5. Qd3 Nbd7 6. Nf3 g6 7. Neg5 Nb6 8.
Ne5 Be6 9. Nxe6 fxe6 10. Bd2 Bg7 11. O-O-O a5 12. Re1 O-O 13. h4 a4 14. a3 Nbd7
15. Qh3 Nxe5 16. dxe5 Nh5 17. Qxe6+ Kh8 18. Bd3 Rxf2 19. g4 Nf4 20. Bxf4 Rxf4
21. h5 Qd5 22. Qxd5 cxd5 23. hxg6 h6 24. g5 h5 25. Rxh5+ Kg8 26. Rh7 e6 27. Bb5
Re4 28. Rxe4 dxe4 29. Bd7 Ra6 30. Rh4 Kf8 31. Rf4+ Kg8 32. Rxe4 Kf8 33. Rf4+ Kg8
34. Rf6 Bxf6 35. gxf6 Kf8 36. g7+ Kf7 37. Kd1 Ra5 38. Bxe6+ Kxe6 39. g8=Q+ 1-0

[Event "Titled Tue 10th Jun Early"]
[Site "chess.com INT"]
[Date "2025.06.10"]
[Round "2"]
[White "Andrade, Ivan"]
[Black "Ser, Daniel"]
[Result "1/2-1/2"]
[WhiteTitle "FM"]
[BlackTitle "CM"]
[WhiteElo "2144"]
[BlackElo "2005"]
[WhiteFideId "14800039"]
[BlackFideId "12829404"]
[EventDate "2025.06.10"]

1. e4 c6 2. d4 d5 3. e5 c5 4. dxc5 e6 5. a3 Bxc5 6. Nf3 f6 7. b4 Be7 8. Bb2 a5
9. b5 Nd7 10. Bd3 fxe5 11. Nxe5 Nxe5 12. Bxe5 Nf6 13. O-O O-O 14. Nd2 Bd6 15.
Bb2 e5 16. c4 e4 17. Be2 d4 18. Bxd4 Bxh2+ 19. Kxh2 Qxd4 20. Kg1 e3 21. Nf3
exf2+ 22. Rxf2 Qa7 23. Qd4 Be6 24. Qxa7 Rxa7 25. Nd4 Bf7 26. Bf3 Bxc4 27. b6 Ra6
28. Rc1 Bd5 29. Bxd5+ Nxd5 30. Rxf8+ Kxf8 31. Rc8+ Ke7 32. Rg8 Kf7 33. Rd8 Ne7
34. Rd6 Ke8 35. Nb5 Nc8 36. Nc7+ Ke7 37. Re6+ Kd7 38. Nxa6 Kxe6 39. Nc5+ Kd5 40.
Nxb7 Nxb6 41. Nxa5 Kc5 42. Nb7+ Kb5 43. Nd8 Nd5 44. Ne6 g6 45. Nf8 Ne7 46. Nxh7
Ka4 47. Nf6 Kxa3 48. Kh2 Kb4 49. Kg3 Kc5 50. Kf4 Kd6 51. Kg5 Ke6 52. Ne4 Kf7 53.
g4 Kg7 54. Nd6 Ng8 55. Ne8+ Kf7 56. Nd6+ Kg7 57. Ne4 Ne7 58. Nf6 Nc6 59. Nd7 Nd4
60. Ne5 Ne6+ 61. Kh4 Nf8 62. g5 Ne6 63. Kg4 Nf8 64. Nd7 Ne6 65. Nf6 Nf8 66. Ne4
Ne6 67. Nc3 Nd4 68. Nd5 Nf5 69. Nf4 Ne3+ 70. Kf3 Nf5 71. Ke4 Nd6+ 72. Ke5 Nf7+
73. Kd5 Nxg5 74. Nxg6 1/2-1/2

[Event "Titled Tue 10th Jun Early"]
[Site "chess.com INT"]
[Date "2025.06.10"]
[Round "2"]
[White "Grave, Jacob Templen"]
[Black "Spector, Sebastian"]
[Result "1-0"]
[WhiteTitle "FM"]
[BlackTitle "CM"]
[WhiteElo "2350"]
[BlackElo "2158"]
[WhiteFideId "1542656"]
[BlackFideId "116734"]
[EventDate "2025.06.10"]

1. c4 Nf6 2. Nf3 d6 3. g3 g6 4. Bg2 Bg7 5. O-O O-O 6. Nc3 Nbd7 7. d4 c6 8. e4
Qc7 9. h3 e5 10. d5 cxd5 11. cxd5 a6 12. Be3 Nc5 13. Rc1 Qb8 14. Ne1 a5 15. Nd3
b6 16. Nxc5 bxc5 17. Qd2 Ba6 18. Rfe1 Rc8 19. f4 exf4 20. gxf4 Nd7 21. e5 dxe5
22. d6 exf4 23. Bxf4 Bd4+ 24. Kh1 Bb7 25. Nd5 Kh8 26. Re7 Rd8 27. Rxf7 Ra6 28.
Re1 Rxd6 29. Bxd6 Qxd6 30. Qh6 Nf8 31. Ree7 Qxe7 32. Rxe7 Bxd5 33. Bxd5 Bf6 34.
Rf7 Bg5 35. Qxg5 Rxd5 36. Qxd5 Nd7 37. Qxd7 1-0

[Event "Titled Tue 10th Jun Early"]
[Site "chess.com INT"]
[Date "2025.06.10"]
[Round "2"]
[White "Alonso Rosell, Alvar"]
[Black "Karpenko, Anton"]
[Result "1-0"]
[WhiteTitle "GM"]
[BlackTitle "CM"]
[WhiteElo "2536"]
[BlackElo "2219"]
[WhiteFideId "2270544"]
[BlackFideId "34374353"]
[EventDate "2025.06.10"]

1. d4 Nf6 2. c4 c5 3. d5 e6 4. Nc3 exd5 5. cxd5 d6 6. Nf3 g6 7. Bf4 a6 8. a4 Bg7
9. h3 O-O 10. e3 Qe7 11. Be2 Nbd7 12. O-O Ne8 13. e4 Ne5 14. Nxe5 dxe5 15. Be3
f5 16. d6 Nxd6 17. Bxc5 Rd8 18. Nd5 Qf8 19. Nb6 Rb8 20. Nc4 Nxe4 21. Bxf8 Rxd1
22. Rfxd1 Kxf8 23. Rd8+ Ke7 24. Rad1 b5 25. Na5 Kf7 26. Nc6 Ra8 27. axb5 axb5
28. Bxb5 Bf6 29. Bc4+ Kg7 30. Rg8+ Kh6 31. Bd5 Nc5 32. Nxe5 Rb8 33. Nf7+ Kh5 34.
Bf3+ Kh4 35. Nd6 Rxb2 36. Nxc8 Be5 37. Ne7 Rb4 38. Nxf5+ gxf5 39. g3+ Kxh3 40.
Bg2# 1-0

[Event "Titled Tue 10th Jun Early"]
[Site "chess.com INT"]
[Date "2025.06.10"]
[Round "2"]
[White "Jasinski, Alexander"]
[Black "Golsta, Madara"]
[Result "1-0"]
[WhiteElo "1989"]
[BlackElo "2008"]
[WhiteFideId "55627994"]
[BlackFideId "11607386"]
[EventDate "2025.06.10"]

1. e4 c5 2. Nf3 d6 3. Bb5+ Bd7 4. Bxd7+ Qxd7 5. c4 g6 6. d4 cxd4 7. Nxd4 Bg7 8.
Nc3 Nc6 9. Be3 Nf6 10. O-O Ng4 11. Nc2 Nxe3 12. Nxe3 O-O 13. Rc1 Rac8 14. Ned5
f5 15. exf5 Rxf5 16. Ne3 Rh5 17. b3 Rf8 18. Ne4 Kh8 19. Ng3 Ra5 20. a4 Nd4 21.
b4 Rxa4 22. b5 Ra2 23. Nc2 Nxc2 24. Rxc2 Rxc2 25. Qxc2 Qg4 26. h3 Qf4 27. Qe2
Bd4 28. Ne4 e5 29. g3 Qf3 30. Qxf3 Rxf3 31. Kg2 Rd3 32. Nxd6 Rd2 33. Nxb7 Rc2
34. c5 Bxc5 35. Nxc5 Rxc5 36. Rb1 Kg7 37. Kf3 Kf6 38. Rb3 Ke6 39. Ke4 Rc4+ 40.
Kd3 Rc5 41. Rb4 Kd5 42. b6 axb6 43. Rxb6 Ra5 44. Rb7 Ra3+ 45. Ke2 Ra2+ 46. Kf3 1-0

[Event "Titled Tue 10th Jun Early"]
[Site "chess.com INT"]
[Date "2025.06.10"]
[Round "2"]
[White "Loay, Sameer"]
[Black "Henriquez Villagra, Cristobal"]
[Result "0-1"]
[WhiteTitle "IM"]
[BlackTitle "GM"]
[WhiteElo "2251"]
[BlackElo "2597"]
[WhiteFideId "8104239"]
[BlackFideId "3409350"]
[EventDate "2025.06.10"]

1. e4 c6 2. d3 d5 3. Nd2 g6 4. h4 h5 5. Ngf3 Bg7 6. Be2 Nf6 7. c3 Ng4 8. Ng5 O-O
9. Nf1 c5 10. Ne3 Nxe3 11. Bxe3 d4 12. Bd2 dxc3 13. bxc3 Nc6 14. O-O b6 15. Rc1
Ne5 16. Bf4 Ba6 17. c4 Qd6 18. Bh2 f6 19. Nf3 Rad8 20. Qa4 Bb7 21. Qxa7 Bc6 22.
Qxb6 Rb8 23. Qa5 Rb2 24. Nxe5 fxe5 25. Bf3 Ra8 26. Qc3 Raxa2 27. Rb1 Rc2 28. Qb3
Kh7 29. Qb6 Bf6 30. Bg3 Kg7 31. Qb8 Qxd3 32. Bxe5 Bxe4 33. Bxf6+ Kxf6 34. Qh8+
Ke6 35. Rb6+ Kd7 36. Bxe4 Qxf1+ 37. Kh2 Qxf2 38. Bf5+ Qxf5 0-1

[Event "Titled Tue 10th Jun Early"]
[Site "chess.com INT"]
[Date "2025.06.10"]
[Round "2"]
[White "Manvelyan, Mikayel"]
[Black "Devagharan, Devina"]
[Result "1-0"]
[WhiteTitle "FM"]
[BlackTitle "WFM"]
[WhiteElo "2362"]
[BlackElo "1860"]
[WhiteFideId "13310143"]
[BlackFideId "2061600"]
[EventDate "2025.06.10"]

1. e4 c6 2. d4 d5 3. Nc3 dxe4 4. Nxe4 Nf6 5. Nxf6+ exf6 6. c3 Bd6 7. Bd3 O-O 8.
Qc2 Re8+ 9. Ne2 g6 10. h4 Nd7 11. h5 f5 12. hxg6 hxg6 13. Bd2 Nf6 14. O-O-O Be6
15. Bg5 Be7 16. Nf4 Nd5 17. Bxe7 Qxe7 18. Nxe6 Qxe6 19. Qd2 Qf6 20. Rh3 f4 21.
Rdh1 Re6 22. g4 Rae8 23. c4 Nb6 24. Qc3 Nd7 25. Rh8+ Qxh8 26. Rxh8+ Kxh8 27. d5+
Re5 28. dxc6 bxc6 29. Qd4 Nc5 30. Bc2 Kg8 31. b4 Na6 32. a3 R8e7 33. Qxf4 Kg7
34. g5 R5e6 35. Qd4+ Kg8 36. c5 Nc7 37. Qd8+ Kg7 38. Qd4+ Kg8 39. Bb3 Re4 40.
Qd8+ Kg7 41. Qd6 Nb5 42. Qf6+ Kf8 43. Qh8# 1-0

[Event "Titled Tue 10th Jun Early"]
[Site "chess.com INT"]
[Date "2025.06.10"]
[Round "2"]
[White "Ilinca, Felix-Antonio"]
[Black "Zheng, Marcus"]
[Result "0-1"]
[WhiteTitle "IM"]
[WhiteElo "2431"]
[BlackElo "1969"]
[WhiteFideId "54764998"]
[BlackFideId "30974038"]
[EventDate "2025.06.10"]

1. d4 d5 2. Nc3 Nf6 3. Bf4 c6 4. e3 Bf5 5. f3 e6 6. g4 Bg6 7. h4 h5 8. g5 Nfd7
9. Qd2 Nb6 10. Nh3 Bd6 11. Bxd6 Qxd6 12. Nf4 Bf5 13. O-O-O N8d7 14. e4 dxe4 15.
fxe4 Bg4 16. Be2 Bxe2 17. Ncxe2 O-O-O 18. e5 Qc7 19. Qe3 Kb8 20. Kb1 c5 21. c3
cxd4 22. cxd4 Qc6 23. Rc1 Qb5 24. Nc3 Qb4 25. Nd3 Qa5 26. Rhf1 Rhf8 27. Nf4 Qb4
28. Nd3 Qa5 29. Qe2 g6 30. Rf4 Rc8 31. Rcf1 Nd5 32. Nxd5 Qxd5 33. Qe4 Qxe4 34.
Rxe4 Nb6 35. Ref4 Rc7 36. Nc5 Re7 37. Rf6 Nd5 38. Rxe6 Rxe6 39. Nxe6 Re8 40. Nc5
Re7 41. Rf3 b6 42. Ne4 Kc7 43. Nd6 Kd7 44. Nxf7 Ke6 45. Nd6 Rc7 46. a3 a6 47. a4
Rg7 48. Rf8 Nb4 49. Re8+ Kd5 50. Rd8 Nc6 51. Nf5+ Nxd8 52. Nxg7 Kxd4 53. e6 Nc6
54. Nxh5 gxh5 55. g6 Ne7 56. g7 Ke5 57. Kc2 Kxe6 0-1

[Event "Titled Tue 10th Jun Early"]
[Site "chess.com INT"]
[Date "2025.06.10"]
[Round "2"]
[White "Iskusnyh, Sergei"]
[Black "Caruana, Fabiano"]
[Result "0-1"]
[WhiteTitle "GM"]
[BlackTitle "GM"]
[WhiteElo "2440"]
[BlackElo "2777"]
[WhiteFideId "4120027"]
[BlackFideId "2020009"]
[EventDate "2025.06.10"]

1. d4 Nf6 2. c4 d6 3. Nf3 g6 4. g3 c6 5. Nc3 Bf5 6. Bg2 Ne4 7. Bd2 Bg7 8. O-O
O-O 9. Nxe4 Bxe4 10. e3 Nd7 11. Qe2 c5 12. Rad1 Rc8 13. b3 Qb6 14. Bh3 e6 15.
Ng5 Bc6 16. Nxe6 fxe6 17. Bxe6+ Kh8 18. d5 Rce8 19. dxc6 Ne5 20. Bd5 bxc6 21.
Bg2 Qa6 22. f4 Nf7 23. Bc1 d5 24. Qc2 d4 25. e4 Qb6 26. e5 Nh6 27. Be4 Nf5 28.
Qg2 Rc8 29. Qh3 Qc7 30. g4 Ne7 31. Rd3 Rf7 32. Qh4 Rcf8 33. Rh3 Bxe5 34. f5 gxf5
35. gxf5 Bf6 36. Qh5 Qe5 37. Qf3 Qd6 38. Bf4 Be5 39. Bh6 Rg8+ 40. Kh1 Bf6 41.
Bf4 Qd7 42. Qh5 Rfg7 43. Bh6 Rg4 0-1

[Event "Titled Tue 10th Jun Early"]
[Site "chess.com INT"]
[Date "2025.06.10"]
[Round "2"]
[White "Ternault, Mathieu"]
[Black "Vogel, Roven"]
[Result "1-0"]
[WhiteTitle "FM"]
[BlackTitle "GM"]
[WhiteElo "2275"]
[BlackElo "2551"]
[WhiteFideId "20641532"]
[BlackFideId "12908088"]
[EventDate "2025.06.10"]

1. d4 Nf6 2. c4 e6 3. Nc3 Bb4 4. Qc2 d6 5. a3 Bxc3+ 6. Qxc3 h6 7. Nf3 b6 8. e3
Bb7 9. Be2 Nbd7 10. b4 a5 11. Bb2 O-O 12. O-O Qe7 13. Rfd1 Ne4 14. Qc2 f5 15.
Nd2 Ndf6 16. f3 Nxd2 17. Qxd2 Nd7 18. Qc3 e5 19. dxe5 dxe5 20. Rd2 e4 21. f4
axb4 22. axb4 Rxa1+ 23. Bxa1 Nf6 24. c5 bxc5 25. bxc5 Kh7 26. c6 Bc8 27. h3 Rd8
28. Rxd8 Qxd8 29. Qd4 Qe7 30. Kh2 Be6 31. Qe5 Qf7 32. Bc3 Nd5 33. Bd4 Nb4 34.
Bh5 Qg8 35. Qxc7 Bd5 36. Qd6 Qe6 37. Qxb4 Bxc6 38. Qc5 Bd7 39. Qe5 Qxe5 40. Bxe5
g6 41. Be2 Be6 42. g4 g5 43. Kg3 Kg6 44. Bb5 fxg4 45. hxg4 gxf4+ 46. exf4 h5 47.
g5 e3 48. Bd3+ Bf5 49. Bxf5+ Kxf5 50. Bd4 e2 51. Bc3 Kg6 52. Be1 Kf5 53. Kh4
Kxf4 54. g6 Kf5 55. g7 Ke4 56. g8=Q Kd3 57. Qg2 Ke3 58. Qf2+ Kd3 59. Qf3+ Kc2
60. Qxe2+ Kb3 61. Qxh5 Kc4 62. Qe8 Kd4 63. Qe7 Kd3 64. Bf2 Kd2 65. Kg4 Kd3 66.
Kf3 1-0

[Event "Titled Tue 10th Jun Early"]
[Site "chess.com INT"]
[Date "2025.06.10"]
[Round "2"]
[White "Terry, Renato"]
[Black "Antoniou, Rafail"]
[Result "1/2-1/2"]
[WhiteTitle "IM"]
[BlackTitle "CM"]
[WhiteElo "2508"]
[BlackElo "2134"]
[WhiteFideId "3803457"]
[BlackFideId "5904390"]
[EventDate "2025.06.10"]

1. e4 c5 2. Nf3 e6 3. Nc3 Nc6 4. Bb5 Nd4 5. O-O a6 6. Bd3 Nc6 7. e5 d6 8. exd6
Nf6 9. Ne4 Nxe4 10. Bxe4 Bxd6 11. Bxc6+ bxc6 12. Re1 O-O 13. d3 f6 14. Nd2 e5
15. b3 Be7 16. Ba3 Be6 17. Ne4 Qa5 18. Bb2 Rfe8 19. Qh5 Bf7 20. Qh3 Qc7 21. Re3
Bg6 22. g4 Qd7 23. Ng3 c4 24. bxc4 Bc5 25. Re2 Rab8 26. Bc3 Bd4 27. Bxd4 Qxd4
28. Rae1 Rb2 29. g5 fxg5 30. Ne4 Rxa2 31. Nxg5 Qf4 32. Ne4 Bf5 33. Qg2 Re6 34.
Ng3 Bg6 35. Qh3 Qf6 36. d4 Rxc2 37. Rxc2 Bxc2 38. d5 cxd5 39. cxd5 Re8 40. Qd7
Rf8 41. Re2 Bd3 42. Ra2 e4 43. Qc6 Qf3 44. Qe6+ Kh8 45. d6 Qd1+ 46. Kg2 Qf3+ 47.
Kg1 Qd1+ 48. Kg2 Qf3+ 49. Kg1 1/2-1/2

[Event "Titled Tue 10th Jun Early"]
[Site "chess.com INT"]
[Date "2025.06.10"]
[Round "2"]
[White "Rodriguez Polo, Mateo"]
[Black "Parfenov, Viktor N."]
[Result "0-1"]
[WhiteTitle "CM"]
[BlackTitle "CM"]
[WhiteElo "2219"]
[BlackElo "2193"]
[WhiteFideId "24509396"]
[BlackFideId "4165969"]
[EventDate "2025.06.10"]

1. d4 Nf6 2. a3 g6 3. Nf3 Bg7 4. e3 O-O 5. Be2 d6 6. O-O b6 7. c4 Bb7 8. Nc3 e6
9. Qc2 c5 10. b4 Qe7 11. Rb1 Nc6 12. Rd1 cxb4 13. axb4 Rfc8 14. b5 Na5 15. Qa2
Ne4 16. Bb2 Rc7 17. Nxe4 Bxe4 18. Rbc1 Rac8 19. Ba3 Bxf3 20. gxf3 Qg5+ 21. Kh1
Bf8 22. Bb4 Qh4 23. Kg2 e5 24. dxe5 dxe5 25. Bxa5 bxa5 26. Qxa5 e4 27. f4 g5 28.
fxg5 Rc5 29. Rg1 Rxg5+ 30. Kh1 Rc5 31. Rxg5+ Rxg5 32. Rg1 h6 33. Rxg5+ hxg5 34.
Qd8 Qxf2 35. Qxg5+ Bg7 36. Bh5 Qf1+ 37. Qg1 Qxc4 38. Qf2 Qe6 39. Kg2 Qd5 40. Bg4
Qxb5 41. Qf5 Qc6 42. Qf4 a5 43. Kg3 a4 44. Bf5 Qc5 45. Qxe4 a3 46. Qe8+ Bf8 47.
Qa8 Qxf5 0-1

[Event "Titled Tue 10th Jun Early"]
[Site "chess.com INT"]
[Date "2025.06.10"]
[Round "2"]
[White "Melamed, Daniel"]
[Black "Di Nicolantonio, Lucas"]
[Result "0-1"]
[WhiteTitle "CM"]
[BlackTitle "IM"]
[WhiteElo "2047"]
[BlackElo "2413"]
[WhiteFideId "3229076"]
[BlackFideId "680460"]
[EventDate "2025.06.10"]

1. d4 Nf6 2. Nf3 d5 3. Bf4 c5 4. e3 Nc6 5. c3 Nh5 6. Bg5 h6 7. Bh4 g5 8. Ne5
Nxe5 9. dxe5 gxh4 10. Qxh5 Qb6 11. b3 Bg7 12. Nd2 O-O 13. Nf3 Qg6 14. Qxg6 fxg6
15. O-O-O h3 16. Rxd5 hxg2 17. Bxg2 Bg4 18. Nh4 Rxf2 19. h3 Be6 20. Rd2 Raf8 21.
Nxg6 Rxd2 22. Nxf8 Rxg2 23. Nxe6 Bxe5 24. Nxc5 Bxc3 25. Nxb7 Rxa2 26. Rg1+ Kf7
27. Rg4 Bf6 28. Rc4 Rh2 29. Rc7 Rxh3 30. Kd2 Bg5 31. Nd6+ Ke6 32. Nc4 h5 33.
Rxa7 h4 34. Ra5 Rh2+ 35. Kd3 Bf6 36. Rh5 Rh1 37. b4 h3 38. b5 Kd7 39. b6 Kc6 40.
Kc2 h2 41. Nd2 Be5 42. Nf3 Bd6 43. Kd3 Kxb6 44. Ke2 Ra1 45. Kf2 h1=Q 46. Rxh1
Rxh1 47. Kg2 Ra1 0-1